Linkin Park Charting Songs (Billboard Hot 100) - Statistics

General Stats
  • This quiz has been taken 609 times
    238 since last reset
  • The average score is 18 of 26
Answer Stats
Album Weeks On Peak Artist(s) Song % Correct
Hybrid Theory 39 Weeks #2 Linkin Park In The End
99%
Meteora 33 Weeks #11 Linkin Park Numb
98%
Collision Course 20 Weeks #20 Jay-Z/Linkin Park Numb/Encore
98%
Minutes to Midnight 23 Weeks #7 Linkin Park What I've Done
92%
One More Light 19 Weeks #45 Linkin Park ft. Kiiara Heavy
86%
Meteora 20 Weeks #48 Linkin Park Faint
84%
From Zero 7 Weeks #21 Linkin Park The Emptiness Machine
84%
Transformers: Revenge of the Fallen - The Album 20 Weeks #6 Linkin Park New Divide
83%
Meteora 20 Weeks #32 Linkin Park Somewhere I Belong
79%
Minutes to Midnight 20 Weeks #52 Linkin Park Bleed It Out
77%
Meteora 20 Weeks #20 Linkin Park Breaking the Habit
76%
Minutes to Midnight 1 Week #99 Linkin Park Given Up
76%
Hybrid Theory 20 Weeks #79 Linkin Park Crawling
75%
Meteora20 3 Weeks #38 Linkin Park Lost
75%
Living Things 23 Weeks #30 Linkin Park Burn It Down
72%
Hybrid Theory 17 Weeks #75 Linkin Park One Step Closer
72%
From Zero 1 Week #79 Linkin Park Heavy is the Crown
69%
A Thousand Suns 10 Weeks #27 Linkin Park The Catalyst
62%
Minutes to Midnight 2 Weeks #94 Linkin Park Leave Out All the Rest
60%
A Thousand Suns 23 Weeks #42 Linkin Park Waiting for the End
60%
Minutes to Midnight 22 Weeks #15 Linkin Park Shadow of the Day
58%
Meteora 18 Weeks #58 Linkin Park Lying From You
54%
Living Things 1 Week #95 Linkin Park Lost in the Echo
51%
A Thousand Suns 3 Weeks #81 Linkin Park Iridescent
38%
Recharged 1 Week #65 Linkin Park x Steve Aoki A Light That Never Comes
36%
Non-Album Single 1 Week #65 Busta Rhymes ft. Linkin Park We Made It
18%
No matching quizzes found
Score Distribution
Percent of People with Each Score
Percentile by Number Answered
Your Score History
You have not taken this quiz since the last reset